Doing data analysis with SPSS version / (Record no. 24343)

MARC details
000 -LEADER
fixed length control field 00510nam a22001817a 4500
020 ## - INTERNATIONAL STANDARD BOOK NUMBER
ISBN 9788131502952
041 ## - LANGUAGE CODE
Language code of text/sound track or separate title English
082 ## - DEWEY DECIMAL CLASSIFICATION NUMBER
Classification number 519.50285
Item number CAR
100 ## - MAIN ENTRY--AUTHOR NAME
Author name Carver, Ronald H.
245 ## - TITLE STATEMENT
Title Doing data analysis with SPSS version /
Statement of responsibility, etc Ronald H. Carver.
260 ## - PUBLICATION, DISTRIBUTION, ETC. (IMPRINT)
Place of publication UK :
Name of publisher Thomson ,
Year of publication 2006.
300 ## - PHYSICAL DESCRIPTION
Number of Pages xvi, 323 pages :
Other physical details illustrations ;
Dimensions 24 cm.
504 ## - BIBLIOGRAPHY, ETC. NOTE
Bibliography, etc Includes index.
650 ## - SUBJECT ADDED ENTRY--TOPICAL TERM
Subject SPSS (Computer file)
650 ## - SUBJECT ADDED ENTRY--TOPICAL TERM
Subject Statistics
General subdivision Data processing.
942 ## - ADDED ENTRY ELEMENTS (KOHA)
Source of classification or shelving scheme Dewey Decimal Classification
Koha item type Books
Holdings
Withdrawn status Lost status Source of classification or shelving scheme Damaged status Not for loan Home library Current library Shelving location Date acquired Source of acquisition Cost, normal purchase price Full call number Accession Number Price effective from Koha item type
    Dewey Decimal Classification     Institute of Public Enterprise, Library Institute of Public Enterprise, Library S Campus 05/04/2026 Gifted by Prof. S. Sathish Kumar (IPE Faculty ) 1330.00 519.50285 CAR 51040 05/04/2026 Books

Maintained and Designed by
2cqr automation private limited, Chennai. All Rights Reserved.

You are Visitor Number

PHP Hits Count